Miguel y el dragón / (Registro nro. 8899)

Detalles MARC
000 -LEADER
fixed length control field 01056nam a2200373 4500
001 - CONTROL NUMBER
control field 175746
003 - CONTROL NUMBER IDENTIFIER
control field DO-SdBNP
005 - DATE AND TIME OF LATEST TRANSACTION
control field 20180326135325.0
007 - PHYSICAL DESCRIPTION FIXED FIELD--GENERAL INFORMATION
fixed length control field 175746
008 - FIXED-LENGTH DATA ELEMENTS--GENERAL INFORMATION
fixed length control field 880907s 1992 sp a 000 spa
016 7# - NATIONAL BIBLIOGRAPHIC AGENCY CONTROL NUMBER
Record control number
Canceled/invalid record control number
Source BPMSU
017 ## - COPYRIGHT OR LEGAL DEPOSIT NUMBER
Copyright or legal deposit number
Assigning agency
020 ## - INTERNATIONAL STANDARD BOOK NUMBER
International Standard Book Number 8434811677
035 ## - SYSTEM CONTROL NUMBER
System control number
040 ## - CATALOGING SOURCE
Original cataloging agency BPMSU
Language of cataloging spa
Transcribing agency BPMSU
Description conventions
041 1# - LANGUAGE CODE
Language code of text/sound track or separate title spa
Language code of original
080 #0 - UNIVERSAL DECIMAL CLASSIFICATION NUMBER
Universal Decimal Classification number
100 1# - MAIN ENTRY--PERSONAL NAME
Personal name Heck, Elisabeth,
Dates associated with a name 1925-
240 14 - UNIFORM TITLE
Uniform title <a href="Der junge Drache.">Der junge Drache.</a>
Language of a work Español
245 10 - TITLE STATEMENT
Title Miguel y el dragón /
Statement of responsibility, etc. Elisabeth Heck ; traducción Jesús Larriba ; ilustraciones Eckart Straube
Medium
250 ## - EDITION STATEMENT
Edition statement 11ª ed.
260 ## - PUBLICATION, DISTRIBUTION, ETC. (IMPRINT)
Place of publication, distribution, etc. Madrid :
Name of publisher, distributor, etc. SM,
Date of publication, distribution, etc. 1992.
300 ## - PHYSICAL DESCRIPTION
Extent 64 p. :
Other physical details il.;
Dimensions 19 cm,
490 1# - SERIES STATEMENT
Series statement El barco de papel
Volume/sequential designation 44
490 1# - SERIES STATEMENT
Series statement Serie blanca
Volume/sequential designation 2
500 ## - GENERAL NOTE
General note Traducción de: Der jungue Drache
700 12 - ADDED ENTRY--PERSONAL NAME
Personal name Larriba, Jesús,
Relator term tr.
700 12 - ADDED ENTRY--PERSONAL NAME
Personal name Straube, Eckart,
Relator term il.
830 #0 - SERIES ADDED ENTRY--UNIFORM TITLE
Uniform title El Barco de vapor
Volume number/sequential designation 44
830 #0 - SERIES ADDED ENTRY--UNIFORM TITLE
Uniform title Serie blanca
Volume number/sequential designation 2
942 ## - ADDED ENTRY ELEMENTS (KOHA)
Source of classification or shelving scheme Dewey Decimal Classification
Koha item type Libros
945 ## - LOCAL PROCESSING INFORMATION (OCLC)
a Inventariado, 2018 /LP
956 ## - LOCAL ELECTRONIC LOCATION AND ACCESS (OCLC)
Host name VMATEO
Access number 10
Compression information 20151125
Processor of request BPSMU
Path 00151
Existencias
Withdrawn status Lost status Source of classification or shelving scheme Damaged status Not for loan Collection code Home library Current library Date acquired Source of acquisition Total Checkouts Barcode Date last seen Price effective from Koha item type
    Dewey Decimal Classification     Colección Infantil General Biblioteca Pública Metropolitana Salomé Ureña Biblioteca Pública Metropolitana Salomé Ureña 11/25/2015 Donación   BPMSU15110471 11/25/2015 11/25/2015 Libros